K mineralogii, geochemii a petrografii západní Moravy a Hrubého Jes eníku

Bibliographic Details
Main Author: Fojt, Bohuslav, 1929- (Author)
Format: Book
Language:Undetermined
PhysicalDescription:81 s.
Published: Brno Universita J.E.Purkyně 1968

MARC

LEADER 00000nam a2200000 a 4500
001 vtls001451511
003 SK-MaSNL
005 20260302002256.0
008 240318s1968 xr 0 und
035 |a SNK000406814 
040 |a SNK  |b slo  |c SNK  |e AACR2 
044 |a xr  |c CZ 
100 1 |a Fojt, Bohuslav,  |d 1929-  |4 aut  |9 9654 
245 1 0 |a K mineralogii, geochemii a petrografii západní Moravy a Hrubého Jes eníku 
260 |a Brno  |b Universita J.E.Purkyně  |c 1968 
300 |a 81 s. 
958 |a OND 
999 |c 987308  |d 989238 
952 |t P60, <04>, [BOOK], {604}  |a SNK  |b SNK  |y VYP  |7 0  |p 17A0379100  |o snkIC 42984  |0 0  |1 0  |4 0  |d 2003-03-17  |l 0  |r 2005-01-02 00:00:00  |w 2026-02-24